000 00519 a2200193 4500
005 20260309123156.0
008 260309b |||||||| |||| 00| 0 eng d
020 _a9788198445896
_cRs. 995.00
040 _aMAIN
082 _a355.0092
_bA48G
100 _aAhluwalia, V K
245 _a General’s odyssey: Giving up is not an option
260 _bPentagon Press
_c2025
_aNew Delhi
300 _axvi, 239
650 _aMilitary Science
650 _aDefence Studies
650 _aMilitary Leaders
942 _cBK
999 _c395594
_d395594